• 首页
  • 本馆介绍
  • 公告通知
  • 最新文献
  • 馆藏检索
  • 电子资源
  • 读者导购
  • 参考咨询
  • 我的图书馆
  • 登录
  • 详细信息显示
  • 放入我的书架
  • 预约/预借图书
  • 作者相关作品
  • 分类相关作品
  • 丛书相关作品
  • 出版社相关作品

书目信息

  • 表格格式
  • 工作单格式
  • 卡片格式
题名:
婚姻家庭法律问题100问
    
 
作者: 王蕾 编著
分册:  
出版信息: 北京   中国法制出版社  2011
页数: 232页
开本: 21cm
丛书名: 生活法律热线丛书
单 册:
中图分类: D923.904
科图分类:
主题词: 婚姻法--基本知识--中国 , 婚姻法
电子资源:
ISBN: 978-7-5093-2754-8
000 01041nam0 2200289 450
001 524
005 20140908085457.51
010    @a978-7-5093-2754-8@dCNY20.00
100    @a20110715d2011 em y0chiy50 ea
101 0  @achi
102    @aCN@b110000
105    @ay z 000yy
106    @ar
200 1  @a婚姻家庭法律问题100问@AHun Yin Jia Ting Fa Lu^ Wen Ti 100 Wen@d100 legal questions on marriage and family@f王蕾编著@FWang Lei Bian Zhu@zeng
210    @a北京@c中国法制出版社@d2011
215    @a232页@d21cm
225 2  @a生活法律热线丛书@f刘凝主编@v7
300    @a六五普法实用读本
330    @a本书从这些年公众咨询的众多婚姻家庭法问题中精选出大家提问最多的100个问题,进行了详细解答。内容分为四章:结婚、离婚、家庭关系和继承。
461  0 @12001 @a生活法律热线丛书
510 1  @a100 legal questions on marriage and family@zeng
606 0  @a婚姻法@x基本知识@y中国
606 0  @a婚姻法
690    @aD923.904@v5
701  0 @a王蕾@AWang Lei@g(法律)@4编著
801  0 @aCN@bTANGWEI@c20140603
905    @b0838453-55@dD923.904@e1216@f3
    
    婚姻家庭法律问题100问=100 legal questions on marriage and family/王蕾编著.-北京:中国法制出版社,2011
    232页;21cm.-(生活法律热线丛书/刘凝主编;7)
    六五普法实用读本
    
    ISBN 978-7-5093-2754-8:CNY20.00
    本书从这些年公众咨询的众多婚姻家庭法问题中精选出大家提问最多的100个问题,进行了详细解答。内容分为四章:结婚、离婚、家庭关系和继承。
●
相关链接 在E读中查询图书 在五车中查询图书 在当当中查询图书 在豆瓣中查询图书


正题名:婚姻家庭法律问题100问     索取号:D923.904/1216         预约/预借

序号 登录号 条形码 馆藏地/架位号 状态 备注
1 0838453   208384531   第一样本阅览室/ [索取号:D923.904/1216] 在馆    
2 0838454   208384540   第一借阅区/ [索取号:D923.904/1216] 在馆    
3 0838455   208384559   密集书库-史法系/ [索取号:D923.904/1216] 在馆    
唐山师范学院图书馆 欢迎您!
大连网信软件有限公司© 版权所有